000 00510nam a2200169Ia 4500
003 GCL
008 140319s9999 xx 000 0 ara d
040 _aGCL /
_cGCL
082 0 4 _a823.03
_bش و
100 1 _aشتاينبيك، جون
245 1 0 _aالوادى الاخضر /
_cشتاينبيك، جون
300 _a145 ص
490 _aروايات الهلال
_v0
650 0 4 _aالقصص الامريكية المترجمة
650 0 4 _aالادب الامريكى المترجم
942 _2ddc
_cBK
999 _c47104
_d47104